Villes de France en T (difficile) - Statistiques

Statistiques générales
  • Ce quiz a été pris 67 fois
    65 depuis la dernière actualisation
  • Le résultat moyen est 6 sur 20
Statistiques - réponses
Hint Réponse % Correct
Terre d'élection d'un ancien président Tulle
85%
Station balnéaire cossue de la côte d'opale (Le ___) Le Touquet-Paris-Plage
70%
Cité auvergnate réputée pour ses couteaux Thiers
60%
En face de Beaucaire. Bourg d'origine de Tartarin Tarascon
58%
Ancien siège des évêques de Lorraine. On y produit un vin gris. Toul
55%
Plus grande ville du bassin d'Arcachon (La ___) La Teste-de-Buch
42%
Autre nom poétique. Celui-ci n'est pas de Brest, mais de Bourgogne Tonnerre
38%
Dernière station balnéaire normande avant la Picardie au pied d'immenses falaises de craie, appréciée par Jules Verne, Victor Hugo et William Turner (Le ___) Le Tréport
32%
Banlieue toulousaine au nom poétique qui exprime le temps d'automne Tournefeuille
27%
Sous-préfecture ardéchoise Tournon-sur-Rhône
27%
A côté d'un grand aéroport, dans le pays de France Tremblay-en-France
23%
En face de Montélimar (Le ___) Le Teil
22%
Quasi homonyme de la précédente, dans la Brie. Tournan-en-Brie
15%
Ancien siège des évêques du nord breton. Donne son nom au pays environnant. Tréguier
13%
Sur l'Isle, à l'entrée de Périgueux. Trélissac
13%
Sur la Garonne, entre Agen et Marmande Tonneins
12%
Ville industrielle sur l'estuaire de la Loire donnant sur les marais de la Grande Brière, son école de rugby est réputée. Trignac
10%
Cité catalane des Aspres, berceau du vin doux et du Byrrh Thuir
8%
Cité du Nord dont le nom très poétique évoque bien la météorologie locale Templeuve-en-Pévèle
7%
Jadis une brillante cité, siège de l'évêque de l'Artois, aux édifices carolingiens et gothiques, elle fut tout simplement rayée de la carte par Charles Quint Thérouanne
5%
Aucun quiz correspondant
Distribution des résultats
% des personnes avec chaque résultat
Percentile par nombre de réponses
Votre historique - résultats
Vous n’avez pas pris ce quiz depuis la dernière actualisation